| 000 | 00789cam a22002531 4500 | ||
|---|---|---|---|
| 001 | 29185 | ||
| 003 | BD-RjUL | ||
| 005 | 20211209051401.0 | ||
| 008 | 140402t1960 n b 000 0 eng d | ||
| 035 | _a(BD-RjUL)29270 | ||
| 035 | _a(OCoLC)218139 | ||
| 040 |
_aDLC _cODaWU _dOCoLC _dDLC _dBD-RjUL _beng |
||
| 041 | _aeng | ||
| 082 | 0 | 4 |
_a137.3 _bFET 1960 |
| 100 | 1 |
_aFein, Leah Gold. _989102 |
|
| 245 | 1 | 4 |
_aThe three-dimensional personality test : _b reliability, validity, and clinical implications / _cLeah Gold Fein. |
| 260 |
_aNew york : _bInternational Universities Press, _cc1960. |
||
| 300 |
_a324 p. _c21 cm. |
||
| 504 | _aIncludes bibliography. | ||
| 650 | 0 |
_aThree-dimensional personality test. _989103 |
|
| 942 |
_2ddc _cBK |
||
| 999 |
_c29185 _d29185 |
||